Ethics in action-Vol. 7, no. 3 (June 2013) (Record no. 4778)

MARC details
000 -LEADER
fixed length control field 00330nam a2200121 4500
008 - FIXED-LENGTH DATA ELEMENTS--GENERAL INFORMATION
fixed length control field 240219b |||||||| |||| 00| 0 eng d
022 ## - INTERNATIONAL STANDARD SERIAL NUMBER
ISSN 19972997
942 ## - ADDED ENTRY ELEMENTS (KOHA)
Item Type Periodicals
245 ## - TITLE STATEMENT
Title Ethics in action-Vol. 7, no. 3 (June 2013)
260 ## - PUBLICATION, DISTRIBUTION, ETC. (IMPRINT)
Place of Publication Hong Kong :
Name of Publisher Asian human rights commission,
Date of Copyright 2013
300 ## - PHYSICAL DESCRIPTION
Physical Details 115 p.
650 ## - SUBJECT ADDED ENTRY--TOPICAL TERM
Topical Term Islam -- Ethics
Holdings
Withdrawn status Lost status Source of classification or shelving scheme Damaged status Not for loan Permanent location Current location Date acquired Total Checkouts Full call number Barcode Date last seen Price effective from Koha item type
    Dewey Decimal Classification     Resource center, Muslim Women's Research And Action Forum Resource center, Muslim Women's Research And Action Forum 2024-02-19   174 ETH RAF5061 2024-02-19 2024-02-19 Periodicals

Copyright © 2023 Muslim Women's Research and Action Forum (MWRAF), No 27/3, Anderson Road, Kalubowila, Dehiwela. Funded by The Asia Fundation